[Event "WLS-chB 68th"]
[Site "Cardiff"]
[Date "2024.03.29"]
[Round "1"]
[White "Anandkumar, Govind"]
[Black "Thomas, Roy"]
[Result "0-1"]
[WhiteElo "1565"]
[BlackElo "1804"]
[PlyCount "72"]
[EventDate "2024.03.29"]
[EventType "swiss"]
[EventRounds "7"]
[EventCountry "WLS"]
[SourceTitle "CBM 219 Extra"]
[Source "ChessBase"]
[SourceDate "2024.05.31"]
[SourceVersion "1"]
[SourceVersionDate "2024.05.31"]
[SourceQuality "1"]

1. e4 c5 2. c3 Nf6 3. e5 Nd5 4. Nf3 g6 5. d4 cxd4 6. cxd4 Bg7 7. Bc4 Nb6 8. Bb3 0-0 9. Nc3 d6 10. exd6 Qxd6 11. Be3 Bg4 12. Qd2 a5 13. a3 N8d7 14. h3 Be6 15. Bf4 Qc6 16. d5 Bxc3 17. bxc3 Bxd5 18. Nd4 Qc5 19. Bh6 Rfe8 20. Be3 Nc4 21. Bxc4 Qxc4 22. Rg1 Nc5 23. Rc1 Nd3+ 24. Kd1 Nxc1 25. Kxc1 Rac8 26. Ne2 Qb3 27. f4 Qxa3+ 28. Kb1 Be4+ 29. Qc2 Bxc2+ 30. Kxc2 Qa2+ 31. Kd1 Qb1+ 32. Nc1 Rxc3 33. Bd2 Rd8 34. Ke2 Qe4+ 35. Be3 Qxe3+ 36. Kf1 Rd1# 0-1